Možnosti využitia eurofondov a podpora slovenského poľnohospodárstva bakalárska práca

Na minha lista:
Detalhes bibliográficos
Autor principal: Vizváry, Filip
Autor Corporativo: Fakulta podnikového manažmentu EU. Katedra podnikovohospodárska
Outros Autores: Kubica, Milan, 1958-
Formato: Livro
Idioma:eslovaco
Publicado em: Bratislava 2024
Tags: Adicionar Tag
Sem tags, seja o primeiro a adicionar uma tag!

MARC

LEADER 00000nbm a2200000 4500
001 0302047
005 20250206093413.3
041 0 |a slo 
044 |a SK 
245 1 0 |a Možnosti využitia eurofondov a podpora slovenského poľnohospodárstva  |b bakalárska práca  |c Filip Vizváry ; školiteľ: Milan Kubica 
264 1 |a Bratislava  |c 2024 
300 |a 56 s. 
100 1 |a Vizváry, Filip 
700 1 |a Kubica, Milan, 1958- 
710 2 |a Fakulta podnikového manažmentu EU. Katedra podnikovohospodárska